=LDR 00000nam 2200000 4500 =001 INLIS000000000002066 =005 20130612090433 =008 ***********************************Ind** =035 ##$$0010-061300000002066 =041 ##$$a Ind =082 ##$$a 923.3 =090 ##$$a 923.3, Def r =100 ##$$a Defoe, Daniel =245 ##$$a Robinson Crusoe, Daniel Defoe =260 ##$$a 1972 $b London =300 ##$$a 108 hlm, ilus, 21 cm =650 ##$$a Biografi ahli ekonomi =850 ##$$a NBPNMAT